Lumen: Revista de la Facultad de Derecho

Bibliographic Details
Format: eBook
Language:Spanish
Published: Lima: Universidad Femenina del Sagrado Corazn̤ (UNIFE), 2013 -
Subjects:
Online Access:Acceso restringido

MARC

LEADER 00000nam a22000007a 4500
005 20220817235119.0
007 cr|||| ||||
008 220817c20139999pe wr|w s|||| 0|||b1spa d
022 |a 2225-0840 
035 |a 36691 
040 |a vLex 
090 |c 13745  |d 13745 
245 0 0 |a Lumen: Revista de la Facultad de Derecho  |h [Recurso electrn̤ico] / 
256 |a Servicio en ln̕ea 
260 |a Lima:  |b Universidad Femenina del Sagrado Corazn̤ (UNIFE),  |c 2013 - 
300 |a 1 recurso electrn̤ico 
310 |a Semanal 
506 1 |a Disponible solo en los productos indicados  |d vLex Global  |d vLex Global (Academic Edition, excluding Law Schools)  |d vLex Global (U.S. Academic Edition, Law Schools)  |d vLex Global (U.S. Academic Edition, excluding Law Schools)  |d vLex Global (Academic Edition, Law Schools) 
650 0 4 |a Derecho Civil  |z Per︢ 
650 0 4 |a Derecho Mercantil y de la Empresa  |z Per︢ 
650 0 4 |a Derecho del Medio Ambiente  |z Per︢ 
650 0 4 |a Derecho Constitucional  |z Per︢ 
650 0 4 |a Derecho Internacional  |z Per︢ 
740 0 |a vLex Revistas (Servicio en ln̕ea) 
856 4 0 |u https://app.vlex.com/#/sources/36691  |z Acceso restringido 
942 |c REV 
999 0 |a Civil Law 
999 0 |a Commercial and Company Law 
999 0 |a Environmental Law 
999 0 |a Constitutional Law 
999 0 |a International Law